History and Movie quotes - Statistics

General Stats
  • This quiz has been taken 36 times
  • The average score is 9 of 12
Answer Stats
Question Answer % Correct
"I have a dream that my four little children will one day live in a nation where they will not be judged by the color of their skin but by the content of their character." Martin Luther King
97%
"That's one small step for a man, a giant leap for mankind." Neil Armstrong
97%
"Life is like a box of chocolates. You never know what you're gonna get." Forrest Gump
93%
"Hasta la vista, baby." T-800 ( Terminator 2)
93%
"I have a feeling we're not in Kansas anymore." Dorothy (Wizard of Oz)
90%
"Ich bin ein Berliner" (1963) John F. Kennedy
72%
"You must be the change you wish to see in the world." Mahatma Gandi
72%
"I think therefore I am." Rene Descartes
72%
"You can always count on Americans to do the right thing - after they've tried everything else" Winston Churchill
72%
"Love your enemies and pray for those who persecute you" Jesus (Bible)
69%
"America is a nation that can be defined in a single word: Ausaphutismktftimish" Joe Biden
41%
"Life is like riding a bicycle. To keep your balance, you must keep moving." Albert Einstein
38%
No matching quizzes found
Score Distribution
Percent of People with Each Score
Percentile by Number Answered
Your Score History
You have not taken this quiz